000 00638nas a2200229 4500
001 BR9208903
003 BR-BrBNA
005 20231205093201.0
007 ta
008 230509b bl.|||p| |||| 00| 00por d
040 _aBR-BrBNA
_bpor
_cBiblioteca Nacional de Agricultura
041 _a(Pt)
072 _aQ04
100 1 _aRocha, S.
245 1 _aGelatina: uma proteina muito versatil
650 _aGELATINA
650 _aPROTEINA
650 _aVALOR NUTRITIVO
773 0 _tAlimentos e Tecnologia (Brazil)
_xISSN 0102-6682
_g(1988), v. 3(17) p. 80
_wBR9208903
909 _a202311
_bLúcia
_c55
_dLúcia Elande
942 _2AGRIS
_n0
_cANA
999 _c136697
_d136697